000 00535nam a2200193Ia 4500
003 IN-BaIIA
008 211028s9999 xx 000 0 eng d
040 _cIIA Library
080 _a551.58
_bHAN
100 _aHann, de Julius von
_9481
245 0 _aHandbuch der klimatologie
_bband I
_cde Julius von Hann
260 _aStuttgart
_bVerlag Von J Engelhorn
_c1897
300 _axii, 404.
650 _aAstronomy and Astrophysics Thesaurus
650 _aClimatology
650 _aEarth Atmosphere
650 _aMeteorology
942 _cBK
999 _c255
_d255